[Event "Landesklasse Ost 2025/26"]
[Site "?"]
[Date "2026.02.08"]
[Round "6.6"]
[White "Heine, Mario"]
[Black "Wiesemann, Tim"]
[Result "0-1"]
[WhiteElo "1716"]
[BlackElo "1794"]
[WhiteFideId "-1"]
[BlackFideId "-1"]
[PlyCount "106"]
[GameId "555511529767"]
[EventDate "2025.09.14"]
[EventType "team-tourn"]
[EventRounds "9"]
[SourceTitle "Thueringer Schachbund"]
[Source "ThSB"]
[SourceDate "2025.09.14"]
[SourceVersion "1"]
[SourceVersionDate "2025.09.14"]
[SourceQuality "1"]
[WhiteTeam "Schachklub Weida"]
[BlackTeam "ESV Lok Sömmerda"]

{[%evp 0,106,41,20,46,31,37,33,26,13,4,-46,8,-56,-9,-33,-6,-46,-56,-36,-38,-43,-17,-42,25,3,38,32,40,16,27,21,23,5,16,17,5,0,17,3,-3,-3,26,4,75,62,76,51,69,53,81,60,70,55,59,59,46,44,56,48,60,50,50,58,90,55,77,-2,-9,-7,27,10,7,7,7,6,30,1,0,0,0,-56,-55,-86,-86,-69,-101,-99,-61,-37,-37,-37,-72,-76,-74,-70,-63,-63,-59,-198,-114,-164,-264,-279,-342,-1015,-1024,-1042,-1085]} 1. e4 e6 2. Nf3 d5 3. exd5 exd5 4. Be2 Nf6 5. d3 Bd6 6. Bg5 O-O 7. O-O Be6 8. c3 Nbd7 9. Nbd2 c5 10. d4 Qc7 11. dxc5 Bxc5 12. Nb3 Bd6 13. Nbd4 a6 14. Bh4 Rac8 15. Bg3 Bxg3 16. hxg3 Ne4 17. Nd2 Ndf6 18. Bf3 Qb6 19. Rb1 Rfe8 20. Re1 Nc5 21. N2b3 Rcd8 22. Nxc5 Qxc5 23. Qd2 b5 24. a3 Re7 25. Re3 Rde8 26. Rbe1 Bg4 27. Rxe7 Rxe7 28. Re3 h6 29. Qe1 Rxe3 30. Qxe3 Bxf3 31. gxf3 a5 32. Nb3 Qc7 33. Qc5 Qxc5 34. Nxc5 Ne8 35. Nb3 a4 36. Nd4 Nd6 37. Kf1 g5 38. Ke2 Kg7 39. Kd3 Kf6 40. Kc2 h5 41. Ne2 h4 42. Ng1 Nf5 43. f4 hxg3 44. fxg5+ Kxg5 45. fxg3 Kg4 46. Ne2 Nxg3 47. Nd4 f5 48. Nxb5 f4 49. Nd4 Nf5 50. Ne6 f3 51. Kd2 Kg3 52. Ng5 f2 53. Ke2 Kg2 0-1

[Event "Landesklasse Ost 2025/26"]
[Site "?"]
[Date "2026.02.08"]
[Round "6.7"]
[White "Weber, Jakob"]
[Black "Heine, Robert"]
[Result "1-0"]
[WhiteElo "1581"]
[BlackElo "1561"]
[WhiteFideId "-1"]
[BlackFideId "-1"]
[PlyCount "39"]
[GameId "555512022243"]
[EventDate "2025.09.14"]
[EventType "team-tourn"]
[EventRounds "9"]
[SourceTitle "Thueringer Schachbund"]
[Source "ThSB"]
[SourceDate "2025.09.14"]
[SourceVersion "1"]
[SourceVersionDate "2025.09.14"]
[SourceQuality "1"]
[WhiteTeam "ESV Lok Sömmerda"]
[BlackTeam "Schachklub Weida"]

{[%evp 0,39,41,37,72,26,19,20,76,75,61,65,98,94,106,76,109,38,77,85,85,121,136,136,134,113,124,93,139,139,139,57,67,98,124,140,202,227,300,300,383,429]} 1. d4 d6 2. Bf4 Nf6 3. Nc3 Nbd7 4. Nf3 c6 5. e4 g6 6. Qd2 Bg7 7. O-O-O b5 8. Bh6 O-O 9. Bxg7 Kxg7 10. e5 dxe5 11. dxe5 Ng8 12. h4 Qc7 13. e6 Ndf6 14. exf7 Rxf7 15. Bd3 Bg4 16. Ng5 Rff8 17. f3 Bc8 18. h5 h6 19. hxg6 hxg5 20. Qxg5 1-0

[Event "Landesklasse Ost 2025/26"]
[Site "?"]
[Date "2026.02.08"]
[Round "6.8"]
[White "Lehmann, Volkhard"]
[Black "Schrödter, Sascha"]
[Result "1-0"]
[WhiteElo "1546"]
[BlackElo "1337"]
[WhiteFideId "-1"]
[BlackFideId "-1"]
[PlyCount "51"]
[GameId "555512263330"]
[EventDate "2025.09.14"]
[EventType "team-tourn"]
[EventRounds "9"]
[SourceTitle "Thueringer Schachbund"]
[Source "ThSB"]
[SourceDate "2025.09.14"]
[SourceVersion "1"]
[SourceVersionDate "2025.09.14"]
[SourceQuality "1"]
[WhiteTeam "Schachklub Weida"]
[BlackTeam "ESV Lok Sömmerda"]

{[%evp 0,51,41,32,37,0,4,43,49,41,55,49,90,49,81,70,86,39,82,47,144,85,157,129,249,249,234,241,212,190,277,178,211,165,189,185,187,151,203,194,224,206,215,150,174,127,279,259,259,215,383,320,728,796]} 1. d4 Nf6 2. Bf4 e6 3. e3 Bb4+ 4. c3 Be7 5. Nd2 d5 6. Ngf3 Nbd7 7. Bd3 a6 8. Ne5 c5 9. Bc2 Bd6 10. Nxf7 Kxf7 11. Bxd6 cxd4 12. exd4 Qb6 13. Ba3 e5 14. Nf3 exd4 15. Ng5+ Kg8 16. Qxd4 Qxd4 17. cxd4 Nb6 18. b3 h6 19. Nf3 Ne4 20. O-O Bf5 21. Nh4 Bh7 22. f3 g5 23. fxe4 gxh4 24. Rf4 Kg7 25. Rg4+ Bg6 26. e5 1-0

[Event "Landesklasse Ost 2025/26"]
[Site "?"]
[Date "2025.02.01"]
[Round "6.1"]
[White "Greiner, Timo"]
[Black "Link, Moritz"]
[Result "1-0"]
[WhiteElo "2027"]
[BlackElo "1672"]
[WhiteFideId "-1"]
[BlackFideId "-1"]
[PlyCount "99"]
[GameId "557287042129"]
[EventDate "2025.09.14"]
[EventType "team-tourn"]
[EventRounds "9"]
[SourceTitle "Thueringer Schachbund"]
[Source "ThSB"]
[SourceDate "2025.09.14"]
[SourceVersion "1"]
[SourceVersionDate "2025.09.14"]
[SourceQuality "1"]
[WhiteTeam "SV Thuringia Königsee"]
[BlackTeam "SV Schott Jena 2"]

{[%evp 0,99,41,18,49,18,18,18,85,47,115,115,112,84,99,32,27,53,30,16,16,3,23,23,34,-3,-6,-37,-33,-27,56,3,74,6,33,-5,77,31,30,56,56,46,112,78,94,59,59,59,59,49,79,43,59,61,89,58,61,42,66,82,85,52,82,46,89,74,86,74,74,74,74,28,13,9,44,29,78,70,78,81,103,48,99,115,153,134,134,139,171,206,357,419,419,495,495,495,875,890,29995,29996,29999,-30000]} 1. e4 e5 2. Nf3 Nf6 3. Nc3 Bb4 4. Nxe5 Bxc3 5. dxc3 d6 6. Nd3 Nxe4 7. Be2 O-O 8. O-O Nc6 9. Be3 Re8 10. Nf4 Bd7 11. Bf3 Kh8 12. Nh5 f5 13. Re1 Ne5 14. Ng3 Bc6 15. Bxe4 Bxe4 16. Nxe4 fxe4 17. Qh5 Re6 18. Bg5 Qe8 19. Qxe8+ Raxe8 20. Rxe4 Rg6 21. f4 h6 22. Rae1 hxg5 23. fxe5 Rge6 24. Kf2 Kh7 25. Kf3 Rxe5 26. Rxe5 dxe5 27. Ke4 Rd8 28. Re2 Kg6 29. Rf2 Re8 30. g4 c6 31. c4 Re6 32. h3 Rf6 33. Rd2 Rf4+ 34. Kxe5 Rxc4 35. Kd6 Rb4 36. b3 Rf4 37. Kc7 Rf7+ 38. Rd7 Rf2 39. Rd6+ Kh7 40. c4 Rxa2 41. Kxb7 Ra3 42. Kxc6 Rxb3 43. c5 a5 44. Kd7 a4 45. c6 Rf3 46. c7 Rf7+ 47. Kc6 a3 48. c8=Q Ra7 49. Qf5+ Kg8 50. Rd8# 1-0

[Event "Landesklasse Ost 2025/26"]
[Site "?"]
[Date "2025.02.01"]
[Round "6.2"]
[White "Skarus, Steffen"]
[Black "Kreutzmann, Henry"]
[Result "0-1"]
[WhiteElo "1747"]
[BlackElo "1775"]
[WhiteFideId "-1"]
[BlackFideId "-1"]
[PlyCount "62"]
[GameId "557287042535"]
[EventDate "2025.09.14"]
[EventType "team-tourn"]
[EventRounds "9"]
[SourceTitle "Thueringer Schachbund"]
[Source "ThSB"]
[SourceDate "2025.09.14"]
[SourceVersion "1"]
[SourceVersionDate "2025.09.14"]
[SourceQuality "1"]
[WhiteTeam "SV Schott Jena 2"]
[BlackTeam "SV Thuringia Königsee"]

{[%evp 0,62,41,-26,-7,-42,-48,-61,-20,-17,-7,-23,114,17,5,24,24,-21,46,47,50,36,66,48,48,48,43,41,47,23,23,-61,-57,-360,-351,-375,-379,-379,-373,-373,-372,-377,-354,-409,-406,-535,-498,-568,-537,-568,-563,-568,-571,-576,-561,-565,-567,-568,-568,-612,-618,-616,-626,-687,-631]} 1. c4 e6 2. g3 Nf6 3. Bg2 Be7 4. Nc3 O-O 5. e4 c5 6. Nge2 Nc6 7. d4 cxd4 8. Nxd4 a6 9. O-O d6 10. Be3 Qc7 11. Nxc6 bxc6 12. Rc1 Bb7 13. Qe2 Rfd8 14. Na4 c5 15. b3 Bxe4 16. Bxc5 Bxg2 17. Bb6 Bxf1 18. Qxf1 Qc6 19. Bxd8 Rxd8 20. Nc3 Nd7 21. b4 Ne5 22. f4 Nxc4 23. a4 d5 24. b5 axb5 25. axb5 Qb6+ 26. Kh1 Bf6 27. Qd3 Bxc3 28. Rxc3 Qxb5 29. f5 Qc6 30. fxe6 fxe6 31. Kg1 Rf8 0-1

[Event "Landesklasse Ost 2025/26"]
[Site "?"]
[Date "2026.02.01"]
[Round "6.3"]
[White "Häusler, Willi"]
[Black "Bunke, Wilfried"]
[Result "1/2-1/2"]
[WhiteElo "1725"]
[BlackElo "1868"]
[WhiteFideId "-1"]
[BlackFideId "-1"]
[PlyCount "149"]
[GameId "557287042566"]
[EventDate "2025.09.14"]
[EventType "team-tourn"]
[EventRounds "9"]
[SourceTitle "Thueringer Schachbund"]
[Source "ThSB"]
[SourceDate "2025.09.14"]
[SourceVersion "1"]
[SourceVersionDate "2025.09.14"]
[SourceQuality "1"]
[WhiteTeam "SV Thuringia Königsee"]
[BlackTeam "SV Schott Jena 2"]

{[%evp 0,149,41,19,33,26,26,46,22,59,65,46,66,49,80,76,63,63,72,45,106,16,58,32,9,-183,-202,-185,-185,-279,-238,-238,-108,-108,-99,-99,-89,-146,-30,-44,-1,-1,18,11,0,0,0,0,0,-95,-77,-79,-75,-47,-14,0,-32,-19,-16,-82,-60,-197,-203,-203,-203,-203,-157,-199,-179,-214,-213,-229,-238,-235,-222,-238,-267,-267,-251,-247,-221,-261,-251,-308,-312,-319,-343,-353,-348,-348,-299,-351,-317,-329,-274,-274,-276,-276,-215,-196,-202,-253,-207,-201,-9,-5,-5,-8,-8,-6,-6,-6,-4,-33,-7,-11,-10,-15,-9,-8,-11,-12,-8,-8,-7,-13,-9,-13,-10,-9,-8,-8,-8,-10,-8,-8,-8,-12,-10,-9,-8,-9,-7,-8,-8,-8,-8,-9,-8,-8,0,0]} 1. e4 e6 2. d4 d5 3. Nc3 dxe4 4. Nxe4 Nd7 5. Nf3 Ngf6 6. Bd3 c5 7. O-O cxd4 8. Nxd4 Be7 9. Ng5 Nc5 10. Bc4 O-O 11. Re1 h6 12. Nxf7 Rxf7 13. b4 Nce4 14. Nxe6 Qxd1 15. Rxd1 Bxe6 16. Bxe6 Bxb4 17. Rb1 a5 18. a3 Nc3 19. axb4 Nxd1 20. bxa5 Nc3 21. Rxb7 Ne2+ 22. Kf1 Nxc1 23. Rxf7 Kh7 24. Rb7 Rxa5 25. g4 Re5 26. Bf5+ Kg8 27. Bg6 Ne8 28. f4 Re3 29. c4 Nd3 30. Rb3 Re1+ 31. Kg2 Nxf4+ 32. Kf2 Re7 33. Bb1 g5 34. Kf3 Rc7 35. Rb6 Kg7 36. Ba2 Nf6 37. h4 Nd7 38. Rb5 Nc5 39. hxg5 hxg5 40. Bb1 Nce6 41. Ra5 Rxc4 42. Ra7+ Kf6 43. Ra6 Ke5 44. Ra5+ Rc5 45. Ra3 Kd4 46. Ba2 Rc3+ 47. Rxc3 Kxc3 48. Ke4 Kd2 49. Bc4 Ng7 50. Kd4 Ke1 51. Ke5 Nh3 52. Bf7 Kf2 53. Kf6 Kf3 54. Kxg7 Nf4 55. Be8 Kxg4 56. Kh6 Nd5 57. Bd7+ Kf4 58. Be6 Ne7 59. Bh3 Nf5+ 60. Kh5 Nd4 61. Kg6 Nf3 62. Kh5 Nh4 63. Bg4 Ng6 64. Bh3 Ne7 65. Kh6 Nf5+ 66. Kh5 Ng3+ 67. Kh6 Ne4 68. Kh5 Nf6+ 69. Kg6 Ng4 70. Kh5 Ne3 71. Kh6 Nd1 72. Kh5 Nf2 73. Bd7 Ne4 74. Bh3 Kg3 75. Bf5 1/2-1/2

[Event "Landesklasse Ost 2025/26"]
[Site "?"]
[Date "2026.02.01"]
[Round "6.4"]
[White "Jordan, Gunter"]
[Black "Möller, Frank"]
[Result "1/2-1/2"]
[WhiteElo "1801"]
[BlackElo "1801"]
[WhiteFideId "-1"]
[BlackFideId "-1"]
[PlyCount "77"]
[GameId "557287042582"]
[EventDate "2025.09.14"]
[EventType "team-tourn"]
[EventRounds "9"]
[SourceTitle "Thueringer Schachbund"]
[Source "ThSB"]
[SourceDate "2025.09.14"]
[SourceVersion "1"]
[SourceVersionDate "2025.09.14"]
[SourceQuality "1"]
[WhiteTeam "SV Schott Jena 2"]
[BlackTeam "SV Thuringia Königsee"]

{[%evp 0,77,41,21,41,14,23,41,51,41,76,76,84,84,89,62,63,44,44,30,33,1,25,4,18,19,36,27,69,53,40,32,47,18,20,2,30,69,87,-2,22,-6,51,42,54,54,47,26,40,40,30,11,40,38,39,24,26,26,50,32,27,-81,-101,-101,-89,-234,-240,-265,-214,-214,-220,-208,-249,-249,0,0,0,0,0,0]} 1. d4 d5 2. Bf4 Nf6 3. Nf3 c6 4. e3 Bf5 5. Bd3 Bxd3 6. Qxd3 e6 7. Nbd2 Nbd7 8. O-O Be7 9. h3 O-O 10. Ne5 Nxe5 11. Bxe5 Nd7 12. Bg3 f5 13. Nf3 Rf6 14. Ne5 Nxe5 15. Bxe5 Rh6 16. f4 Qe8 17. Rf3 c5 18. dxc5 Bxc5 19. Bd4 Bd6 20. Rc1 b5 21. Rg3 Rg6 22. Rxg6 hxg6 23. a4 a6 24. axb5 axb5 25. b3 b4 26. Ra1 Ra3 27. Bb2 Rxa1+ 28. Bxa1 Qb8 29. Qd4 Qc7 30. c4 Bc5 31. Qd3 Qxf4 32. cxd5 Bxe3+ 33. Kh1 Qf2 34. Qd1 exd5 35. Qxd5+ Kh7 36. Qd1 g5 37. Qh5+ Kg8 38. Qe8+ Kh7 39. Qh5+ 1/2-1/2

[Event "Landesklasse Ost 2025/26"]
[Site "?"]
[Date "2026.02.01"]
[Round "6.5"]
[White "Steiger, Bernd"]
[Black "Nageler, Laurenz"]
[Result "0-1"]
[WhiteElo "1777"]
[BlackElo "1600"]
[WhiteFideId "-1"]
[BlackFideId "-1"]
[PlyCount "55"]
[GameId "557287042597"]
[EventDate "2025.09.14"]
[EventType "team-tourn"]
[EventRounds "9"]
[SourceTitle "Thueringer Schachbund"]
[Source "ThSB"]
[SourceDate "2025.09.14"]
[SourceVersion "1"]
[SourceVersionDate "2025.09.14"]
[SourceQuality "1"]
[WhiteTeam "SV Thuringia Königsee"]
[BlackTeam "SV Schott Jena 2"]

1. e4 c5 2. Nf3 Nc6 3. d4 cxd4 4. Nxd4 Nf6 5. Nc3 e6 6. Nxc6 bxc6 7. Bd3 Bc5 8. O-O h6 9. Kh1 Qc7 10. Qe2 d5 11. exd5 cxd5 12. Bb5+ Bd7 13. Bxd7+ Qxd7 14. Bf4 O-O 15. Be5 Be7 16. Rad1 Qb7 17. b3 Rac8 18. Rd3 Nd7 19. Rg3 Bf6 20. Bxf6 Nxf6 21. Qe5 Kh8 22. f4 Qa6 23. Rd1 Rc6 24. Rh3 Qb6 25. Rdd3 Ng4 26. Rxh6+ Kg8 27. Qh5 Nf2+ 28. Kg1 0-1

[Event "Landesklasse Ost 2025/26"]
[Site "?"]
[Date "2026.02.01"]
[Round "6.6"]
[White "Hirsch, Tilo"]
[Black "Quandt, Friedbert"]
[Result "1/2-1/2"]
[WhiteElo "1682"]
[BlackElo "1648"]
[WhiteFideId "-1"]
[BlackFideId "-1"]
[PlyCount "39"]
[GameId "557287042629"]
[EventDate "2025.09.14"]
[EventType "team-tourn"]
[EventRounds "9"]
[SourceTitle "Thueringer Schachbund"]
[Source "ThSB"]
[SourceDate "2025.09.14"]
[SourceVersion "1"]
[SourceVersionDate "2025.09.14"]
[SourceQuality "1"]
[WhiteTeam "SV Schott Jena 2"]
[BlackTeam "SV Thuringia Königsee"]

1. e4 d5 2. exd5 Nf6 3. Bb5+ Bd7 4. Bc4 Bg4 5. Nf3 Nxd5 6. O-O e6 7. Re1 Be7 8. d4 O-O 9. h3 Bh5 10. c3 Nf6 11. Nbd2 Nbd7 12. Nf1 h6 13. Bd3 Bxf3 14. Qxf3 c6 15. Ng3 Bd6 16. Ne4 Nxe4 17. Qxe4 Nf6 18. Qh4 Nh7 19. Qe4 Nf6 20. Qh4 1/2-1/2

[Event "Landesklasse Ost 2025/26"]
[Site "?"]
[Date "2026.02.01"]
[Round "6.8"]
[White "Gäbler, Norman"]
[Black "Quandt, Franz Edmund"]
[Result "0-1"]
[WhiteElo "1496"]
[BlackElo "1298"]
[WhiteFideId "-1"]
[BlackFideId "-1"]
[PlyCount "46"]
[GameId "557287042660"]
[EventDate "2025.09.14"]
[EventType "team-tourn"]
[EventRounds "9"]
[SourceTitle "Thueringer Schachbund"]
[Source "ThSB"]
[SourceDate "2025.09.14"]
[SourceVersion "1"]
[SourceVersionDate "2025.09.14"]
[SourceQuality "1"]
[WhiteTeam "SV Schott Jena 2"]
[BlackTeam "SV Thuringia Königsee"]

{[%evp 0,46,26,19,19,18,19,5,15,-10,-13,-13,-20,-59,-33,-55,-52,-78,-36,-87,-39,-130,-128,-100,-88,-114,-31,-268,-131,-116,-76,-101,-190,-1063,-580,-580,-584,-584,-584,-584,-461,-588,-588,-588,-601,-601,-821,-830,-835]} 1. e4 d5 2. exd5 Nf6 3. Bb5+ Bd7 4. Bxd7+ Qxd7 5. c4 c6 6. dxc6 Nxc6 7. Nc3 e5 8. a3 Bc5 9. Nf3 e4 10. Qe2 O-O-O 11. Ng5 Nd4 12. Qd1 Qf5 13. d3 exd3 14. O-O Ng4 15. h3 Nxf2 16. b4 Nxd1 17. Rxf5 Nxf5+ 18. bxc5 Nxc3 19. Nxf7 Ne2+ 20. Kh2 Nxc1 21. Rxc1 Rhe8 22. Nxd8 Rxd8 23. Rd1 d2 0-1

[Event "Landesklasse Ost 2025/26"]
[Site "?"]
[Date "2026.02.01"]
[Round "6.1"]
[White "Tobal, Elias"]
[Black "Liebold, Aaron"]
[Result "0-1"]
[WhiteElo "1951"]
[BlackElo "2115"]
[WhiteFideId "-1"]
[BlackFideId "-1"]
[PlyCount "56"]
[GameId "557287144310"]
[EventDate "2025.09.14"]
[EventType "team-tourn"]
[EventRounds "9"]
[SourceTitle "Thueringer Schachbund"]
[Source "ThSB"]
[SourceDate "2025.09.14"]
[SourceVersion "1"]
[SourceVersionDate "2025.09.14"]
[SourceQuality "1"]
[WhiteTeam "SC Turm Erfurt"]
[BlackTeam "ESV Gera"]

{[%evp 0,56,58,5,44,-36,-29,-13,-14,-16,5,11,8,-47,-21,-33,-34,-72,-80,-80,-47,-198,-7,-7,53,-20,16,-29,38,-41,-50,-67,-48,-39,-37,-87,-46,-98,-151,-226,-70,-438,-173,-406,-374,-402,-384,-725,-513,-648,-1451,-1372,-1072,-1072,-812,-29995,-29996,-29997,-29998]} 1. d4 Nf6 2. c4 e6 3. Nf3 d5 4. Nc3 Nbd7 5. a3 Be7 6. g4 c6 7. g5 Ne4 8. Nxe4 dxe4 9. Nd2 e3 10. Nf3 exf2+ 11. Kxf2 Qc7 12. e3 b6 13. b4 f6 14. gxf6 Nxf6 15. Bd3 O-O 16. Ke1 c5 17. e4 e5 18. dxe5 Ng4 19. Bb2 Qd8 20. h3 Bh4+ 21. Kd2 Nf2 22. Qe2 Nxd3 23. Kc3 Rxf3 24. Qxf3 Qd4+ 25. Kd2 Qxb2+ 26. Kxd3 Be6 27. Ke3 Qd4+ 28. Ke2 Bxc4+ 0-1

[Event "Landesklasse Ost 2025/26"]
[Site "?"]
[Date "2026.02.01"]
[Round "6.2"]
[White "Helmsdorf, Marius"]
[Black "McLeod, Andrew"]
[Result "1/2-1/2"]
[WhiteElo "2052"]
[BlackElo "1919"]
[WhiteFideId "-1"]
[BlackFideId "-1"]
[PlyCount "126"]
[GameId "557287144356"]
[EventDate "2025.09.14"]
[EventType "team-tourn"]
[EventRounds "9"]
[SourceTitle "Thueringer Schachbund"]
[Source "ThSB"]
[SourceDate "2025.09.14"]
[SourceVersion "1"]
[SourceVersionDate "2025.09.14"]
[SourceQuality "1"]
[WhiteTeam "ESV Gera"]
[BlackTeam "SC Turm Erfurt"]

{[%evp 0,126,21,41,29,8,31,2,78,66,28,79,67,72,85,62,92,53,53,17,-17,-48,9,-11,-19,7,-65,-104,-96,-96,-33,-53,-41,-74,-68,-33,19,-20,107,87,87,99,103,85,94,28,28,28,49,49,143,146,97,66,109,103,92,127,127,93,5,5,5,5,5,5,-22,-22,-7,-31,-31,-42,-45,-57,-71,-71,-36,-71,-45,-45,-42,-44,-47,-47,-39,-42,-38,-43,-34,-45,-36,-45,-45,-45,-46,-71,-48,-46,-45,-60,-57,-72,-75,-77,-75,-78,-77,-79,-77,-134,-116,-125,-125,-182,-409,-409,-404,-409,-138,-409,-159,-160,-111,-159,-103,-103,-1,-89,-37]} 1. d4 Nf6 2. Nc3 d5 3. Bf4 c5 4. e3 cxd4 5. exd4 a6 6. Nf3 Nc6 7. Ne5 Bd7 8. Qd2 e6 9. h4 Bb4 10. a3 Qa5 11. Bd3 Nxe5 12. dxe5 d4 13. O-O dxc3 14. axb4 Qxa1 15. bxc3 Qa4 16. exf6 gxf6 17. Qe3 Rc8 18. Qd4 Qc6 19. Qxf6 Rg8 20. Bg5 Rxg5 21. Qxg5 Qxc3 22. h5 Qxb4 23. Qg8+ Qf8 24. Qxh7 Ke7 25. Qe4 Bc6 26. Qh4+ f6 27. Bg6 Qd8 28. h6 Qd5 29. Qg4 Qxg2+ 30. Qxg2 Bxg2 31. Kxg2 Rg8 32. Rh1 Rxg6+ 33. Kf3 Rg8 34. Rb1 b5 35. Ra1 Rh8 36. Rxa6 Rxh6 37. Rb6 Rh3+ 38. Kg2 Rc3 39. Rxb5 Rxc2 40. Rb6 e5 41. Kf3 Rc4 42. Ke3 Kf7 43. Ra6 Kg6 44. Rb6 Ra4 45. Rc6 Kg5 46. Rc8 Kf5 47. Rf8 Ra3+ 48. Ke2 e4 49. Rf7 Ke5 50. Rf8 f5 51. Re8+ Kf4 52. Rf8 Ra2+ 53. Kf1 Kg4 54. Rb8 f4 55. Rh8 Ra1+ 56. Kg2 f3+ 57. Kh2 Rf1 58. Rg8+ Kf4 59. Rf8+ Ke5 60. Re8+ Kd4 61. Rd8+ Kc3 62. Kg3 Kc2 63. Rd4 Re1 1/2-1/2

[Event "Landesklasse Ost 2025/26"]
[Site "?"]
[Date "2026.02.01"]
[Round "6.3"]
[White "Strohner, Maximilian"]
[Black "Puschendorf, Steffen"]
[Result "1/2-1/2"]
[WhiteElo "1802"]
[BlackElo "2023"]
[WhiteFideId "-1"]
[BlackFideId "-1"]
[PlyCount "59"]
[GameId "557287144357"]
[EventDate "2025.09.14"]
[EventType "team-tourn"]
[EventRounds "9"]
[SourceTitle "Thueringer Schachbund"]
[Source "ThSB"]
[SourceDate "2025.09.14"]
[SourceVersion "1"]
[SourceVersionDate "2025.09.14"]
[SourceQuality "1"]
[WhiteTeam "SC Turm Erfurt"]
[BlackTeam "ESV Gera"]

{[%evp 0,59,41,26,43,13,16,-51,-60,-59,-41,-75,-69,-27,12,-50,-35,-22,37,37,43,8,18,-13,82,44,69,40,40,88,88,84,72,81,96,89,102,122,124,132,151,1,1,1,17,-80,-77,-77,-43,-76,-36,-52,-53,-53,-45,-72,-68,-75,-75,-94,-94,0]} 1. e4 e6 2. b3 d5 3. Bb2 dxe4 4. Nc3 Nf6 5. Qe2 Bb4 6. O-O-O Qe7 7. g4 Ba3 8. g5 Bxb2+ 9. Kxb2 Nd5 10. h4 h6 11. Qxe4 Bd7 12. Nxd5 exd5 13. Qxd5 Bc6 14. Bb5 O-O 15. Bxc6 Nxc6 16. Nf3 Rad8 17. Qc4 Rd6 18. Rde1 Qd8 19. Rhg1 h5 20. g6 Qf6+ 21. Qc3 fxg6 22. Ne5 Nxe5 23. Rxe5 Rc6 24. Qe3 Qxf2 25. Rg3 Qxe3 26. Rgxe3 Rf4 27. Re8+ Kf7 28. R3e7+ Kf6 29. Re3 Rxh4 30. Rf8+ 1/2-1/2

[Event "Landesklasse Ost 2025/26"]
[Site "?"]
[Date "2026.02.01"]
[Round "6.4"]
[White "Hilbig, Dieter"]
[Black "Schade, Holger"]
[Result "1-0"]
[WhiteElo "1816"]
[BlackElo "1766"]
[WhiteFideId "-1"]
[BlackFideId "-1"]
[PlyCount "177"]
[GameId "557287144372"]
[EventDate "2025.09.14"]
[EventType "team-tourn"]
[EventRounds "9"]
[SourceTitle "Thueringer Schachbund"]
[Source "ThSB"]
[SourceDate "2025.09.14"]
[SourceVersion "1"]
[SourceVersionDate "2025.09.14"]
[SourceQuality "1"]
[WhiteTeam "ESV Gera"]
[BlackTeam "SC Turm Erfurt"]

{[%evp 0,177,41,39,40,53,48,15,43,47,17,-34,-5,-19,2,-15,-10,-10,-13,-13,39,36,75,75,132,111,98,78,78,65,72,72,65,82,72,105,106,75,106,106,110,96,104,119,148,120,148,144,141,129,141,119,123,92,85,104,113,121,87,63,69,42,48,34,42,31,42,44,78,60,76,38,83,80,80,80,80,85,86,70,96,84,86,83,91,88,85,93,93,91,91,83,83,87,87,79,82,78,78,78,78,58,64,49,81,78,70,56,56,46,63,85,85,16,60,46,78,100,128,78,100,86,108,124,141,141,141,124,99,169,159,159,168,168,168,168,268,286,291,291,291,279,261,256,265,325,325,264,303,265,284,260,261,242,260,270,355,333,322,322,368,425,405,600,987,1016,1180,1016,1180,544,600,431,537,537,537,537,654,654,1016,1016]} 1. e4 e5 2. Nf3 Nc6 3. Bc4 Bc5 4. c3 Nf6 5. d3 d6 6. h3 Be6 7. Nbd2 Bxc4 8. Nxc4 b5 9. Ne3 d5 10. Qb3 a6 11. Nxd5 Nxd5 12. Qxd5 Qxd5 13. exd5 Ne7 14. Nxe5 Nxd5 15. O-O Bd6 16. Re1 O-O 17. Bd2 Rfe8 18. Nf3 Nf4 19. Bxf4 Bxf4 20. Kf1 Red8 21. d4 f6 22. Rad1 Rd7 23. Re4 Bd6 24. Rde1 Kf7 25. Nd2 Rad8 26. R4e2 c5 27. dxc5 Bxc5 28. Nb3 Bb6 29. Re6 Rd6 30. Rxd6 Rxd6 31. f3 a5 32. Ke2 h6 33. Rd1 Re6+ 34. Kd3 Re3+ 35. Kc2 Ke6 36. Nd4+ Bxd4 37. Rxd4 Re2+ 38. Rd2 Re5 39. Kd1 Kf5 40. Rd7 g6 41. Rd4 h5 42. g4+ hxg4 43. hxg4+ Ke6 44. Kd2 f5 45. f4 Rc5 46. g5 Rc7 47. Rd8 Rh7 48. Re8+ Kf7 49. Re2 Rh3 50. Rf2 Ke6 51. Kc2 Kd5 52. Rd2+ Kc5 53. a3 Rf3 54. b4+ axb4 55. axb4+ Kc6 56. Rd4 Rf2+ 57. Kd1 Rf1+ 58. Ke2 Rc1 59. Rd3 Rh1 60. Re3 Rh2+ 61. Kd3 Rf2 62. Re6+ Kd5 63. Re5+ Kc6 64. Ke3 Rc2 65. Rc5+ Kb6 66. Kd4 Re2 67. Kd5 Re4 68. Rc6+ Kb7 69. Rxg6 Rxf4 70. Kc5 Rc4+ 71. Kxb5 Rxc3 72. Rg7+ Kc8 73. Rf7 Rg3 74. Rxf5 Kc7 75. Ka6 Ra3+ 76. Ra5 Re3 77. Rc5+ Kb8 78. b5 Ra3+ 79. Kb6 Re3 80. Rc6 Re7 81. g6 Rg7 82. Rf6 Rb7+ 83. Kc5 Rc7+ 84. Rc6 Rg7 85. b6 Rg8 86. Rf6 Rc8+ 87. Kd5 Rg8 88. Ke6 Rg7 89. Rf8+ 1-0

[Event "Landesklasse Ost 2025/26"]
[Site "?"]
[Date "2026.02.01"]
[Round "6.5"]
[White "Stöcklein, Paul"]
[Black "Kupper, Matthias"]
[Result "1/2-1/2"]
[WhiteElo "1749"]
[BlackElo "1729"]
[WhiteFideId "-1"]
[BlackFideId "-1"]
[PlyCount "28"]
[GameId "557287144373"]
[EventDate "2025.09.14"]
[EventType "team-tourn"]
[EventRounds "9"]
[SourceTitle "Thueringer Schachbund"]
[Source "ThSB"]
[SourceDate "2025.09.14"]
[SourceVersion "1"]
[SourceVersionDate "2025.09.14"]
[SourceQuality "1"]
[WhiteTeam "SC Turm Erfurt"]
[BlackTeam "ESV Gera"]

{[%evp 0,28,41,6,54,84,100,83,17,64,83,41,95,34,84,88,80,67,57,25,146,6,74,-3,49,-17,17,-4,23,-39,-35]} 1. e4 c5 2. Nf3 Nc6 3. d4 cxd4 4. Nxd4 Nf6 5. Nc3 d6 6. Be2 g6 7. O-O Bg7 8. Be3 O-O 9. f4 a6 10. Bf3 Bd7 11. Kh1 Rc8 12. Qd2 b5 13. a3 Ng4 14. Bg1 Nxd4 1/2-1/2